Physico-chemical applications of NMR : (Record no. 49785)
[ view plain ]
| 000 -LEADER | |
|---|---|
| fixed length control field | 03207nam a2200361 a 4500 |
| 003 - CONTROL NUMBER IDENTIFIER | |
| control field | WSP |
| 005 - DATE AND TIME OF LATEST TRANSACTION | |
| control field | 20260416153416.0 |
| 008 - FIXED-LENGTH DATA ELEMENTS--GENERAL INFORMATION | |
| fixed length control field | 091123s1996 si a sb 001 0 eng d |
| 020 ## - INTERNATIONAL STANDARD BOOK NUMBER | |
| International Standard Book Number | 9789812812124 |
| -- | (ebook) |
| 020 ## - INTERNATIONAL STANDARD BOOK NUMBER | |
| Cancelled/invalid ISBN | 9810225407 |
| 020 ## - INTERNATIONAL STANDARD BOOK NUMBER | |
| Cancelled/invalid ISBN | 9789810225407 |
| 082 04 - DEWEY DECIMAL CLASSIFICATION NUMBER | |
| Classification number | 543.66 |
| Edition number | 22 |
| 100 1# - MAIN ENTRY--PERSONAL NAME | |
| Personal name | Kudryavtsev, A. B. |
| 245 10 - TITLE STATEMENT | |
| Title | Physico-chemical applications of NMR : |
| Remainder of title | a practical guide / |
| Statement of responsibility, etc | A.B. Kudryavtsev, W. Linert. |
| 260 ## - PUBLICATION, DISTRIBUTION, ETC. (IMPRINT) | |
| Place of publication, distribution, etc | Singapore ; |
| -- | River Edge, N.J. : |
| Name of publisher, distributor, etc | World Scientific Pub. Co., |
| Date of publication, distribution, etc | c1996. |
| 300 ## - PHYSICAL DESCRIPTION | |
| Extent | 1 online resource (xiv, 357 p.) : |
| Other physical details | ill. |
| 505 0# - FORMATTED CONTENTS NOTE | |
| Contents | ch. 1. NMR - Basic principles. 1.1. The phenomenon of nuclear magnetic resonance. 1.2. NMR spectra and their parameters. 1.3. Simplification of NMR spectra. 1.4. Analysis of NMR spectra. 1.5. Some hints on the mechanisms of relaxation and the nuclear Overhauser effect. 1.6. Physico-chemical aspects of the NMR. 1.7. Conclusion to chapter 1 -- ch. 2. Experimental techniques employed in NMR. 2.1. Introduction. 2.2. Principles of Fourier transform NMR spectroscopy. 2.3. Special features of the physico-chemical NMR experimental technique. 2.4. Routine of a typical PMR analysis of an organic compound -- ch. 3. The analysis of experimental data by regression techniques. 3.2. Introduction. 3.3. Definitions. 3.3. Least square fitting. 3.4. Non-linear least square methods -- ch. 4. Studies of equilibria in the liquid state by NMR spectroscopy. 4.2. Introduction. 4.2. Equilibria with slow exchange. 4.3. Equilibria with fast exchange -- ch. 5. Studies of paramagnetism in solutions by NMR. 5.1. Magnetochemistry. 5.2. Contact shifts -- ch. 6. Dynamic NMR and nuclear magnetic relaxation measurements. 6.1. Dynamic NMR. 6.2. Relaxation measurements. |
| 520 ## - SUMMARY, ETC. | |
| Summary, etc | The book is intended to help under- and postgraduate students and young scientists in the correct application of NMR to the solution of physico-chemical problems concerning the study of equilibria in solution. The first part of the book (Chapters 1-3) is a trivium, but should enable a student to design and conduct simple physico-chemical NMR experiments. The following chapters give illustrative material on the physico-chemical applications of NMR of increasing complexity. These chapters include the problem of determination of equilibrium and rate constants in solution, the study of paramagnetism using NMR, the application of Dynamic NMR techniques and relaxation measurements. A multipurpose nonlinear regression program is supplied (on disc for PC) and is referred to throughout the book. |
| 650 #0 - SUBJECT ADDED ENTRY--TOPICAL TERM | |
| Topical term or geographic name as entry element | Nuclear magnetic resonance spectroscopy. |
| 700 1# - ADDED ENTRY--PERSONAL NAME | |
| Personal name | Linert, W. |
| 856 40 - ELECTRONIC LOCATION AND ACCESS | |
| Uniform Resource Identifier | <a href="https://www.worldscientific.com/worldscibooks/10.1142/3004#t=toc">https://www.worldscientific.com/worldscibooks/10.1142/3004#t=toc</a> |
| 942 ## - ADDED ENTRY ELEMENTS (KOHA) | |
| Koha item type | Electronic Books |
| 504 ## - BIBLIOGRAPHY, ETC. NOTE | |
| Bibliography, etc | Includes bibliographical references and index. |
| 533 ## - REPRODUCTION NOTE | |
| Type of reproduction | Electronic reproduction. |
| Place of reproduction | Singapore : |
| Agency responsible for reproduction | World Scientific Publishing Co., |
| Date of reproduction | 1996. |
| Note about reproduction | System requirements: Adobe Acrobat Reader. |
| -- | Mode of access: World Wide Web. |
| 655 #0 - INDEX TERM--GENRE/FORM | |
| Genre/form data or focus term | Electronic books. |
| 710 2# - ADDED ENTRY--CORPORATE NAME | |
| Corporate name or jurisdiction name as entry element | World Scientific (Firm) |
| Withdrawn status | Lost status | Source of classification or shelving scheme | Damaged status | Not for loan | Home library | Location | Date of Cataloging | Total Checkouts | Full call number | Barcode | Date last seen | Uniform Resource Identifier | Price effective from | Koha item type |
|---|---|---|---|---|---|---|---|---|---|---|---|---|---|---|
| Dewey Decimal Classification | CUTN Central Library | CUTN Central Library | 16/04/2026 | 543.66 | EB04986 | 16/04/2026 | https://doi.org/10.1142/3004 | 16/04/2026 | Electronic Books |
